| Tag |
First Indicator |
Second Indicator |
Subfields |
| LEADER |
00000cam a22000001a 4500 |
| 001 |
in00003368639 |
| 006 |
m d f |
| 007 |
cr bn mmmapmmp |
| 008 |
100609s1976 dcu o f000 0 eng d |
| 005 |
20260430200447.7 |
| 035 |
|
|
|a cis2007875471
|
| 040 |
|
|
|a ProQuest
|c ProQuest
|d UtOrBLW
|
| 043 |
|
|
|a n-us---
|
| 086 |
0 |
|
|a Y 4.F 76/2:P 75/5
|
| 099 |
|
|
|a CRS-1976-FAF-0012
|
| 110 |
2 |
|
|a Library of Congress.
|b Congressional Research Service.
|
| 245 |
1 |
0 |
|a Foreign Policy Choices for the Seventies and Eighties.
|
| 264 |
|
1 |
|a [Place of publication not identified] :
|b [publisher not identified],
|c 1976.
|
| 300 |
|
|
|a 1 online resource.
|
| 336 |
|
|
|a text
|b txt
|2 rdacontent
|
| 337 |
|
|
|a computer
|b c
|2 rdamedia
|
| 338 |
|
|
|a online resource
|b cr
|2 rdacarrier
|
| 500 |
|
|
|a Record is based on bibliographic data in ProQuest U.S. Congressional Research Digital Collection (last viewed June 2010). Reuse except for individual research requires license from ProQuest, LLC.
|
| 500 |
|
|
|a CRS Report.
|
| 520 |
|
|
|a CRS summary of testimony and issues in first thirteen hearings, Sept. 1975-Sept. 1976, in a continuing series intended to expose the central problems and considerations facing U.S. foreign policy during the coming decades. Includes list of hearing witnesses and brief digests of testimony under broad subject categories.
|
| 500 |
|
|
|a Electronic resource.
|
| 610 |
2 |
0 |
|a Library of Congress.
|b Congressional Research Service.
|
| 650 |
|
0 |
|a International relations.
|
| 655 |
|
7 |
|a Electronic books.
|2 local
|
| 710 |
2 |
|
|a ProQuest (Firm)
|
| 776 |
0 |
8 |
|i Microfiche version:
|a Library of Congress. Congressional Research Service.
|t Foreign Policy Choices for the Seventies and Eighties.
|o 76-S382-29
|
| 830 |
|
0 |
|a U.S. Congressional Research.
|
| 856 |
4 |
0 |
|u http://proxy.library.tamu.edu/login?url=https://congressional.proquest.com/congcomp/getdoc?CRDC-ID=CRS-1976-FAF-0012
|z Connect to the full text of this electronic book
|t 0
|
| 999 |
|
|
|a MARS
|
| 999 |
f |
f |
|s 31c053a8-99f9-3c20-b7e5-be4ca5530359
|i a1571a27-e52f-3353-9f6b-7e5486ce6c16
|t 0
|
| 952 |
f |
f |
|a Texas A&M University
|b College Station
|c Electronic Resources
|s www_evans
|d Available Online
|t 0
|e CRS-1976-FAF-0012
|h Other scheme
|
| 998 |
f |
f |
|a CRS-1976-FAF-0012
|t 0
|l Available Online
|